000 00931nmm a2200301 a 4500
001 ocm0001916619
003 TR-IsHL
005 20201028173819.0
008 180914s2018 tu tur
007 cr cn
020 _a9786059579124
035 _a1916619
_b(N$T)
050 0 4 _aPL248.E64
_bİ6 2018
090 0 4 _aPL248.E64
_bİ6 2018
100 1 _aEngin, Yusuf
245 1 0 _aİnziva: Aşk'la göz arasında
_h[electronic resource] /
_cYusuf Engin ; editör Kerem Şen
250 _a1. Basım
260 _aİstanbul :
_bYalın Yayıncılık,
_c2018
300 _a96 p.
650 4 _aDil ve Edebiyat
650 4 _aLanguage and Literature
650 0 _aTürk şiiri
650 0 _aTurkish poetry
650 7 _aPOETRY / Middle Eastern
_2bisacsh
700 1 _aŞen, Kerem
700 1 _aKarasu, Ramazan
856 4 0 _uhttp://search.ebscohost.com/login.aspx?direct=true&scope=site&db=e011xww&AN=1916619
999 _c17910
_d17911